Statistics for Top 15 U.S. States with the Most Cows

Click here to take the quiz!

General Stats

  • This quiz has been taken 131 times
    (26 since last reset)
  • The average score is 12 of 15

Answer Stats

# of Cattle State % Correct
6,450,000Kansas
100%
13,000,000Texas
91%
6,800,000Nebraska
86%
3,900,000South Dakota
86%
1,900,000North Dakota
86%
5,200,000Oklahoma
82%
4,350,000Missouri
82%
3,450,000Wisconsin
82%
2,280,000Minnesota
82%
3,900,000Iowa
77%
2,490,000Idaho
77%
2,500,000Montana
73%
5,200,000California
68%
2,800,000Colorado
68%
2,130,000Kentucky
45%

Score Distribution

Percentile by Number Answered

Percent of People with Each Score

Your Score History

You have not taken this quiz since the last reset